Justin Bieber - Chansons par ordre alphabétique - Statistiques

Statistiques générales
  • Ce quiz a été pris 47 fois
  • Le résultat moyen est 28 sur 152
Statistiques - réponses
Lettres Chansons % Correct
B Baby
83%
S Sorry
70%
O One Time
65%
W What Do You Mean?
65%
B Boyfriend
61%
Y Yummy
52%
G Ghost
48%
L Lonely
48%
L Love Yourself
48%
P Purpose
48%
A As Long as You Love Me
43%
D Daisies
43%
H Holy
43%
C Company
39%
E Eenie Meenie
39%
U U Smile
39%
A All That Matters
35%
B Beauty and a Beat
35%
B Believe
35%
H Hailey
35%
H Hold On
35%
I Intentions
35%
Chiffres 2 Much
30%
Chiffres 405
30%
A All I Can Take
30%
G Go Baby
30%
M Mark My Words
30%
P Peaches
30%
S Somebody
30%
S Swag
30%
W Where Are Ü Now
30%
A All around the world
26%
C Confident
26%
F Flatline
26%
M Maria
26%
M Mistletoe
26%
N Never Let You Go
26%
O One Life
26%
P PYD
26%
S Somebody To Love
26%
T That Should Be Me
26%
Y Yukon
26%
C Changes
22%
D Dadz Love
22%
H Heartbreaker
22%
I I'll Show You
22%
R Roller Coaster
22%
S Stuck In The Moment
22%
T Trust
22%
A All in It
17%
A Anyone
17%
B Been You
17%
C Change Me
17%
C Come Around Me
17%
D Deserve You
17%
D Die in Your Arms
17%
Z Zuma House
17%
E E.T.A.
17%
F Fa La La
17%
F Freedom
17%
F Friends
17%
G Get Used to It
17%
H Habitual
17%
H Hold Tight
17%
L Life Is Worth Living
17%
L Loved by You
17%
M Memphis
17%
N No Pressure
17%
O Off My Face
17%
O One Love
17%
O Overboard
17%
S Swap It Out
17%
W Walking Away
17%
W We Are
17%
A All Around Me
13%
A All Bad
13%
A All I Want for Christmas Is You
13%
A All I Want Is You
13%
A As I Am
13%
A Available
13%
B Bad Day
13%
B Be Alright
13%
B Butterflies
13%
C Children
13%
C Christmas Eve
13%
C Christmas Love
13%
G Get Me
13%
F Fall
13%
F First Place
13%
L Love You Different
13%
N No Sense
13%
S Silent Night
13%
S Sweet Spot
13%
T Take You
13%
T Things You Do
13%
T Too Long
13%
W What's Hatnin
13%
B Backpack
9%
C Catching Feelings
9%
C Confirmation
9%
D Devotion
9%
D Die for You
9%
D Drummer Boy
9%
F Forever
9%
H Honest
9%
I I Can't Be Myself
9%
L Lifetime
9%
L Love Me Like You Do
9%
O Only Thing I Ever Get for Christmas
9%
O Out Of Town Girl
9%
P Pray
9%
R Recovery
9%
R Right Here
9%
R Runaway Love
9%
R Running Over
9%
S Santa Claus Is Coming to Town
9%
S Second Emotion
9%
S She Don't Like the Lights
9%
T That's What Love Is
9%
F The Feeling
9%
T Thought of You
9%
U Unstable
9%
W Way It Is
9%
A Afraid to Say
4%
A All She Wrote
4%
A Angels Speak
4%
A At Least For Now
4%
F Fairytale
4%
F Forgiveness
4%
H Home This Christmas
4%
I I Feel Funny
4%
J Just Like Them
4%
K Know No Better
4%
N Name
4%
R Red Eye
4%
S Soulful
4%
T Take It Out On Me
4%
C The Christmas Song
4%
T There She Go
4%
W We're in This Together
4%
W Where You Go I Follow
4%
W Wish You Would
4%
B Beautiful Love (Free Fire)
0%
G Glory Voice Memo
0%
M MLK Interlude King
0%
R Rockin' Around the Christmas Tree
0%
S Someday at Christmas
0%
S Standing on Business
0%
T Therapy Session
0%
T Turn to You (Mother's Day Dedication)
0%
U Up The Messengers
0%
W Where Do I Fit In
0%
Aucun quiz correspondant
Distribution des résultats
% des personnes avec chaque résultat
Percentile par nombre de réponses
Votre historique - résultats
Vous n’avez pas pris ce quiz